Soubor z díla mistra Vojtěcha Hynaise : pavilon K.V.U. "Aleš", Brno 1925 /

Další autoři: Herain, Karel Vladimír, 1890-1953
Jazyk: Čeština
Vydáno: Brno : Klub výtvarných umělců Aleš, 1925
Témata:
Fyzický popis: 16 s.
Knihy
Uloženo v:
LEADER 01089nam a22003012a 4500
001 001688480
003 CZ BrMZK
005 20190614143239.0
007 ta
008 190614s1925 xr er|||||||||||cze d
040 |a ABA001  |b cze  |c OSA001  |d ABA001  |d ABE310  |d BOA001 
080 |a 061.4(437.32 Brno)"1925" 
080 |a 75-05(437.31)"1854/1925"Hynais,V. 
245 0 0 |a Soubor z díla mistra Vojtěcha Hynaise :  |b pavilon K.V.U. "Aleš", Brno 1925 /  |c [úvod napsal] Karel Herain 
260 |a Brno :  |b Klub výtvarných umělců Aleš,  |c 1925 
300 |a 16 s. 
600 1 7 |a Hynais, Vojtěch,  |d 1854-1925  |7 jk01043430  |2 czenas 
650 7 |a výstavy  |7 ph116705  |y 1925  |2 czenas 
650 7 |a obrazy  |7 ph123609  |2 czenas 
655 7 |a katalogy výstav  |7 fd132536  |2 czenas 
655 4 |a seznamy vystavených děl 
655 7 |a ceníky  |7 fd131951  |2 czenas 
700 1 |a Herain, Karel Vladimír,  |d 1890-1953  |7 jk01040768  |4 wfw 
910 |a BOA001  |b X-0286.043 
990 |a BK 
993 |a Y 
991 |b 201906 
996 6 |b 2618808524  |c X-0286.043  |l MZK  |r Sklad / do 24 hodin  |n 0  |w 001729720  |u 000010  |a 1  |e BOA001  |j MZK50  |s P